000 00681nam a2200217 a 4500
005 20210219152841.0
008 991125n 000 0 spa u
035 _aUPN01000062943
222 _aREVISTA DE LA EDUCACION SUPERIOR
245 _aAcuerdos y convenios entre instituciones mexicanas de educación superior y sus contrapartes de los Estados Unidos y Canada
300 _a159-187
362 _a1993 22, no. 3(87), jul.-sep.
653 0 _aCANADA
653 0 _aCONVENIOS EDUCATIVOS
653 0 _aEDUCACION SUPERIOR
653 0 _aESTADOS UNIDOS DE AMÉRICA
653 0 _aINSTITUCIONES EDUCATIVAS
653 0 _aMEXICO
904 _aAC
_b000754
905 _aArticulo
999 _c61914
_d61914